Lemony Snicket's A series of unfortunate events / ... Read More
Available copies
- 3 of 5 copies available at LARL/NWRL Consortium.
- 3 of 3 copies available at Northwest Regional Library. (Show preferred library)
Current holds
0 current holds with 5 total copies.
Show Only Available Copies
| Location | Call Number / Copy Notes | Barcode | Shelving Location | Status | Due Date |
|---|---|---|---|---|---|
| Greenbush Public Library | DVD j LEM (Text) | 35500006385585 | Main | Available | - |
| Karlstad LINK Site | DVD j LEM (Text) | 35500003617402 | Main | Available | - |
| Roseau Public Library | DVD j LEM (Text) | 35500004809917 | Main | Available | - |
| Detroit Lakes Public Library | DVD J LEM (Text) | 33500012757647 | Main | Checked out | 07/10/2026 |
| Moorhead Public Library | DVD J LEM (Text) | 33500014366728 | Main | Checked out | 06/30/2026 |
Record details
- ISBN: 1415708703
- Physical Description: 1 videodisc (107 min.) : sd., col. ; 4 3/4 in.
- Edition: Widescreen.
- Publisher: Hollywood, Calif. : Paramount Home Entertainment, 2005, c2004.
Content descriptions
| General Note: | Originally released as a motion picture in 2004. Based on the books "The bad beginning", "The reptile room" and "The wide window" by Lemony Snicket. Special features: Commentary by Brad Silberling; Brad Silberling and the real Lemony Snicket ... Read More |
| Creation/Production Credits Note: | Director of photography, Emmanuel Lubezki ; ... Read More |
| Participant or Performer Note: | Jim Carrey, Liam Aiken, Emily Browning, Timothy ... Read More Voice, Jude Law. |
| Summary, etc.: | Violet, Klaus, and Sunny Baudelaire are taken in ... Read More |
| Target Audience Note: | MPAA rating: PG; for thematic elements, scary ... Read More |
| System Details Note: | DVD, region 1, widescreen presentation; Dolby ... Read More |
| Language Note: | English, French or Spanish dialogue; ... Read More |
Search for related items by subject
| Subject: | Orphans > Drama. Inheritance and succession > Drama. |
| Genre: | DVDs. |
Search for related items by series
| LDR | 03961cgm a2200697Ia 4500 | ||
|---|---|---|---|
| 001 | 58962 | ||
| 003 | LARL_NWRL_CONSORTIUM | ||
| 005 | 20240910171957.0 | ||
| 007 | vd cvaizq | ||
| 008 | 050201t20052004cau107 c vleng d | ||
| 020 | . | ‡a1415708703 | |
| 024 | 1 | . | ‡a097363407645 |
| 024 | 1 | . | ‡a097360533842 |
| 024 | 1 | . | ‡a097360300543 (2 disc edition) |
| 024 | 1 | . | ‡a883929319060 |
| 028 | 4 | 2. | ‡a340764 ‡bParamount Home Entertainment |
| 035 | . | ‡a(OCoLC)57546451 | |
| 041 | 1 | . | ‡aeng ‡afre ‡aspa ‡heng |
| 082 | 0 | 4. | ‡a791.43/72 ‡222 |
| 245 | 0 | 0. | ‡aLemony Snicket's A series of unfortunate events / ‡cParamount Pictures and DreamWorks Pictures ; a Parkes/MacDonald production ; a Nickelodeon Movies production ; a Brad Silberling film ; produced by Laurie MacDonald, Walter F. Parkes, Jim Van Wyck ; screenplay by Robert Gordon ; directed by Brad Silberling. |
| 246 | 3 | 0. | ‡aSeries of unfortunate events |
| 250 | . | ‡aWidescreen. | |
| 260 | . | ‡aHollywood, Calif. : ‡bParamount Home Entertainment, ‡c2005, c2004. | |
| 300 | . | ‡a1 videodisc (107 min.) : ‡bsd., col. ; ‡c4 3/4 in. | |
| 490 | 0 | . | ‡aSeries of unfortunate events |
| 538 | . | ‡aDVD, region 1, widescreen presentation; Dolby Digital 5.1 surround. | |
| 546 | . | ‡aEnglish, French or Spanish dialogue; closed-captioned. | |
| 511 | 1 | . | ‡aJim Carrey, Liam Aiken, Emily Browning, Timothy Spall, Catherine O'Hara, Billy Connolly, Cedric the Entertainer, Luis Guzman, Jennifer Coolidge. |
| 511 | 0 | . | ‡aVoice, Jude Law. |
| 508 | . | ‡aDirector of photography, Emmanuel Lubezki ; editor, Michael Kahn ; music, Thomas Newman ; costume designer, Colleen Atwood ; production designer, Rick Heinrichs. | |
| 500 | . | ‡aOriginally released as a motion picture in 2004. | |
| 500 | . | ‡aBased on the books "The bad beginning", "The reptile room" and "The wide window" by Lemony Snicket. | |
| 521 | 8 | . | ‡aMPAA rating: PG; for thematic elements, scary situations and brief language. |
| 520 | . | ‡aViolet, Klaus, and Sunny Baudelaire are taken in by a series of oddball relatives and others after their wealthy parents are killed in a fire. The first to take them in is the dastardly and cunning Count Olaf, who is only interested in their inheritance. | |
| 500 | . | ‡aSpecial features: Commentary by Brad Silberling; Brad Silberling and the real Lemony Snicket commentary; bad beginnings; dismal deletions; obnoxious outtakes. | |
| 650 | 0. | ‡aOrphans ‡vDrama. ‡0(LARL_NWRL_CONSORTIUM)173857 | |
| 650 | 0. | ‡aInheritance and succession ‡vDrama. ‡0(LARL_NWRL_CONSORTIUM)165280 | |
| 655 | 0. | ‡aDVDs. | |
| 700 | 1 | . | ‡aSilberling, Bradley. ‡0(LARL_NWRL_CONSORTIUM)98631 |
| 700 | 1 | . | ‡aCarrey, Jim, ‡d1962- ‡0(LARL_NWRL_CONSORTIUM)9787 |
| 700 | 1 | . | ‡aAiken, Liam. ‡0(LARL_NWRL_CONSORTIUM)45045 |
| 700 | 1 | . | ‡aBrowning, Emily, ‡d1988- ‡0(LARL_NWRL_CONSORTIUM)208180 |
| 700 | 1 | . | ‡aSpall, Timothy, ‡d1957- ‡0(LARL_NWRL_CONSORTIUM)142816 |
| 700 | 1 | . | ‡aO'Hara, Catherine. ‡0(LARL_NWRL_CONSORTIUM)107495 |
| 700 | 1 | . | ‡aLaw, Jude, ‡d1972- ‡0(LARL_NWRL_CONSORTIUM)136643 |
| 700 | 1 | . | ‡aLubezki, Emmanuel. ‡0(LARL_NWRL_CONSORTIUM)149031 |
| 700 | 1 | . | ‡aNewman, Thomas, ‡d1955- ‡0(LARL_NWRL_CONSORTIUM)104822 |
| 700 | 1 | . | ‡aSnicket, Lemony ‡0(LARL_NWRL_CONSORTIUM)128721 |
| 700 | 1 | . | ‡aSnicket, Lemony. ‡tReptile room. |
| 700 | 1 | . | ‡aSnicket, Lemony. ‡tWide window. |
| 901 | . | ‡a58962 ‡bOCLC ‡c58962 ‡tbiblio | |

Add to basket
Permalink
Enable Highlighting